000 00339nam a2200145Ia 4500
008 191201s2009 xx 000 0 und d
082 _a005.74
_bELF
100 _aELMSARI, Ramez
245 0 _aFundamentals of Data Base Systems
250 _a5th
260 _aN.Delhi
_bPearson
_c2009
300 _a1143
650 _aMCA
942 _2ddc
_cBK
999 _c3630
_d3630